|
|
|
|
| LEADER |
00000cam a2200000 7i4500 |
| 001 |
0000091925 |
| 005 |
20230418093000.0 |
| 008 |
170531s2016 mau |
| 020 |
|
|
|a 1284089835
|
| 020 |
|
|
|a 9781284089837
|
| 050 |
0 |
0 |
|a RT89
|b .P76 2016
|
| 060 |
1 |
0 |
|a WY 105
|b P962 2016
|
| 090 |
0 |
0 |
|a WY 105
|b P962 2016
|
| 130 |
0 |
|
|a Project planning and management (Harris)
|
| 245 |
0 |
0 |
|a Project planning and management :
|b a guide for nurses and interprofessional teams
|c [edited by] James Harris ... [et al.]
|
| 250 |
|
|
|a 2nd ed
|
| 260 |
|
|
|a Burlington, Massachusetts :
|b Jones & Bartlett Learning ,
|c c2016
|
| 300 |
|
|
|a xiv, 261 p. ;
|c 23 cm.
|
| 504 |
|
|
|a Includes bibliographical references and index
|
| 505 |
0 |
|
|a 1. Key foundations of successful project planning and management -- 2. Differentiating quality improvement projects and quality improvement research -- 3. The institutional review board process -- 4. Synergistic interprofessional teams : essential drivers of patient-centered care -- 5. Managing the interprofessional project team -- 6. Making the case for a project : needs assessment -- 7. Using findings from the clinical needs assessment to develop, implement, and manage sustainable projects -- 8. Role of information technology in project planning and management -- 9. Developing metrics that support projects and programs -- 10. Measuring the value of projects within organizations and healthcare systems -- 11. Disseminating results of meaningful projects and their management
|
| 520 |
|
|
|a "Project Planning and Management: A Guide for Nurses and Interprofessional Teams, Second Edition serves as a primary resource for students developing and implementing clinical projects as a requirement for course completion. Additionally, the text also serves as a guide for faculty and preceptors who assist students in identifying clinicaland management gaps as well as in initiating projects"-- Provided by publisher.
|
| 650 |
|
0 |
|a Nursing services
|x Administration
|
| 650 |
|
0 |
|a Project management
|
| 650 |
1 |
2 |
|a Nursing Research
|x methods
|
| 650 |
1 |
2 |
|a Nursing
|x organization & administration
|
| 650 |
2 |
2 |
|a Interpersonal relations
|
| 650 |
2 |
2 |
|a Planning Techniques
|
| 650 |
2 |
2 |
|a Program Development
|x methods
|
| 700 |
1 |
|
|a Harris, James L. [
|q (James Leonard)] ,
|d 1956- ,
|e author
|
| 999 |
|
|
|a 1000168642
|b Book
|c OPEN SHELF (30 DAYS)
|e Medical Campus
|